000 00982nam a22003497a 4500
001 BR8203527
003 BR-BrBNA
005 20230928091338.0
007 ta
008 230509b bl.||||| |||| 00| 0 por d
040 _aBR-BrBNA
_bpor
_cBiblioteca Nacional de Agricultura
041 _a(Por)
072 _aP05
_b/G514
090 _ P05 BR8203527
110 1 _aSecretaria da Industria, Comercio, Ciencia e Tecnologia do Estado de Sao Paulo, Sao Paulo (Brasil)
245 1 _aEnergia no estado de Sao Paulo [recurso energetico, Brasil]
260 3 _aSao Paulo, SP (Brasil):
_c1982.
300 _a134 p.
500 _a38 illus.
650 _aRECURSO ENERGETICO
650 _aENERGIA ELETRICA
650 _aENERGIA SOLAR
650 _aENERGIA NUCLEAR
650 _aBIOMASSA
650 _aMETANOL
650 _aBIOGAS
650 _aCONSERVACAO
650 _aPROGRAMA DE PESQUISA
650 _aSAO PAULO
909 _a202309
_bLucia
_c55
_dLucia Elande
942 _cBK
999 _c33474
_d33474